000 00490nam a2200181Ia 4500
003 OSt
005 20260108113859.0
008 210210b1931 xxu||||| |||| 00| 0 eng d
040 _cAL
041 _aKannada
082 _a859/1182
100 _aBALASARASVATI
_9146395
_dಬಾಲಸರಸ್ವತಿ
245 _aPishachi parivara:
_bಪಿಶಾಚಿ ಪರಿವಾರ
260 _aBengaluru
_b-
_c1931
690 _aKannada Fiction
_9146396
906 _a021926
942 _2ddc
_cBK
999 _c146032
_d146032